Statistics for Geography Analogies #4

Click here to take the quiz!

General Stats

  • This quiz has been taken 25,146 times
  • The average score is 11 of 20

Answer Stats

This is to this … As … % Correct
Stars and Stripes is to
United States
Hammer and Sickle is to
{Soviet} {Union}
88%
Japan is to YenRussia is to {Ruble}
77%
Brazil is to PortugueseEgypt is to {Arabic}
77%
City of Light is to ParisEternal City is to {Rome}
76%
Oktoberfest is to Munich{Carnival} is to Rio de Janeiro
68%
Space Needle is to SeattleCN Tower is to {Toronto}
65%
Copacabana is to
Rio de Janeiro
Waikiki is to {Honolulu}
60%
Persian is to GulfPuget is to {Sound}
59%
Denali is to the U.S.{Mount} {Fuji} is to Japan
56%
Sears Tower is to
Chicago
Petronas Towers are to
{Kuala} {Lumpur}
56%
Lough is to Ireland{Loch} is to Scotland
53%
Madrid is to IberiaCancun is to {Yucatan}
51%
Reykjavik is to North{Wellington} is to South
47%
Cape of Good Hope
is to Africa
{Cape} {Horn}
is to South America
44%
Angeleno is to Los Angeles{Filipino} is to Philippines
43%
Prime Meridian is to 0International Date Line
is to {180}
43%
Buenos Aires is to MontevideoTallinn is to {Helsinki}
39%
Banff is to Canada{Yellowstone} is to the U.S.
31%
Central Park is to
New York City
Stanley Park is to
{Vancouver}
24%
Knesset is to Israel{Duma} is to Russia
22%

Score Distribution

Percentile by Number Answered

Percent of People with Each Score

Your Score History

You have not taken this quiz